000 00447nam a2200169Ia 4500
005 20250312054418.0
008 240331s9999 xx 000 0 und d
020 _a8123402341
082 _bELA
_a894
100 _a
245 0 _aUlagukkor inthozhukkam
260 _aAmbathoor
_bNew century book house Pvt ltd
_c1994
300 _aXXII, 300 P .,
500 _aessays about India - Tamil leaders
700 _aElango, S.S Dr
_eedt
942 _cL
999 _c3767
_d3767